| 000 | 00923nam0a22002531 4500 | ||
|---|---|---|---|
| 001 | rc\1123089 | ||
| 005 | 20041126174452.3 | ||
| 035 | _a(NLR Aleph) 006365862 | ||
| 090 |
_a4949176 _c4949176 |
||
| 100 | _a20041126d1981 u |0rusy50 ca | ||
| 101 | 0 | _arus | |
| 102 | _aRU | ||
| 105 | _ay ||||||||| | ||
| 200 | 1 | _aФормирование классовой непримиримости к буржуазной идеологии | |
| 210 |
_aМ. _cО-во "Знание" РСФСР _d1981 |
||
| 215 |
_a39 с. _d20 |
||
| 225 | 1 |
_aВ помощь лектору _fО-во "Знание" РСФСР, Науч.-метод. совет по пропаганде науч. коммунизма |
|
| 320 | _aБиблиогр.: с. 35-36 | ||
| 700 | 1 |
_aОрлов _bА. Н. _gАнатолий Николаевич |
|
| 801 | 0 |
_aRU _bNLR _gpsbo |
|
| 801 | 1 |
_aRU _bELAR _2rusmarc |
|
| 852 |
_aNLR _j81-4/25852 |
||
| 942 | _cBOOK | ||
| 980 | _aNB | ||